00619 a2200181 450000100060000002000180000604000220002410000290004624000390007524500340011430000080014836200090015665000300016594200070019595201090020295201090031199900170042060230 a9788521616405 cAnchieta - Pituba aBottomore, Thomas Burton10aIntrodução à sociologialpor10aIntrodução à sociologia a3180 a2008 4aSociologia e Antropologia cBK 00104070a91.1b91.1d2023-11-21l0o301 B751i BOT INTp11860/PITr2023-11-21 18:28:20w2023-11-21yBK 00104070a91.1b91.1d2023-11-21l0o301 B751i BOT INTp11861/PITr2023-11-21 18:28:20w2023-11-21yBK c60230d60230